Brainrot memes - Statistiken

Allgemein
  • Dieses Quiz wurde 867 mal gespielt
  • Das Durchschnittsergebnis liegt bei 6 aus 9
Answers on the Grid
Answers color-coded by a green-red scale on the quiz's grid according to % correct below.
Tralalero Tralala
Lirili Larila
Giraffino langerino
Tung Tung Tung Tung Tung Tung Sahur
Bombardino crocodilo
Affenini bananini
Minus Aura
Svinino bombondino
Ballerina capucina
Tung Tung Tung Zahide
Frigo Camelo
Naserino schokodilo
Brr Brr Patapim
Trippi Troppi
 
Antwortstatistiken
Antwort % Korrekt
Tung Tung Tung Tung Tung Tung Sahur
78%
Bombardino crocodilo
76%
Tralalero Tralala
76%
Ballerina capucina
75%
Trippi Troppi
71%
Brr Brr Patapim
69%
Lirili Larila
65%
Frigo Camelo
39%
Svinino bombondino
18%
Keine übereinstimmenden Quizze gefunden
Verteilung der Resultate
Anzahl Personen mit jedem Resultat
Perzentil nach korrekt beantworteten Fragen
Ihre Resultats-Entwicklung
Sie haben dieses Quiz noch nicht gespielt